Oscar del calcio AIC 2002 - Statistics

Statistiche generali
  • Questo quiz è stato fatto 28 volte
  • Il punteggio medio è 6 su 8
Statistiche sulle risposte
Categoria Nazione Squadra Vincitore % Corretto
Migliore difensore Italia Lazio Alessandro Nesta
100%
Migliore portiere Italia Juventus Gianluigi Buffon
100%
Migliore arbitro - - Pierluigi Collina
96%
Migliore calciatore straniero Francia Juventus David Trezeguet
92%
Migliore calciatore assoluto Francia Juventus David Trezeguet
92%
Migliore calciatore italiano Italia Inter Christian Vieri
80%
Migliore allenatore Italia ChievoVerona Luigi Delneri
52%
Migliore calciatore giovane Italia Bologna Matteo Brighi
8%
Nessun quiz corrispondente trovato
Distribuzione punteggi
Percentuale di utenti per punteggio
Percentile per numero di risposta
I tuoi punteggi nel tempo
Non hai fatto questo quiz